000 00554ntaaa2200193 4500
003 01
005 20251027202013.0
008 0714s1973 ag 01
040 _aAR-BaBN
_bspa
_cAR-BaBN
_eaacr
_dRIC
082 _a261.1000 R79
100 _aRowland, Wilmina
_918622
245 _aOremos...
250 _a1 ed.
260 _aMéxico :
_bCasa Unida de Publicaciones,
_cc1961
300 _a64 p.
500 _ala juventud en oración - colección de oraciones por creyentes, de muchos distintos paises del mundo
650 _aOración
_91331
942 _cBK
999 _c14784
_d14784